MINIMIZACIÓN DE ERRORES EN LAS MEDICIONES PLANIMÉTRICAS MEDIANTE LA SELECCIÓN DE MÉTODOS APROPIADOS, CONSIDERANDO LA INFLUENCIA DE LAS VARIABLES AMBIENTALES./ (Registro nro. 2030)
[ vista simple ]
| 000 -LEADER | |
|---|---|
| campo de control de longitud fija | 03012nam a22003377a 4500 |
| 001 - NÚMERO DE CONTROL | |
| campo de control | TIC 0043 |
| 003 - IDENTIFICADOR DE NÚMERO DE CONTROL | |
| campo de control | gtcocun |
| 005 - FECHA Y HORA DE LA ÚLTIMA TRANSACCIÓN | |
| campo de control | 20250922153804.0 |
| 006 - CÓDIGOS DE INFORMACIÓN DE LONGITUD FIJA--CARACTERÍSTICAS DEL MATERIAL ADICIONAL | |
| campo de control de longitud fija | a||||gr|||| 00| 0 |
| 007 - CAMPO FIJO DE DESCRIPCIÓN FÍSICA--INFORMACIÓN GENERAL | |
| campo de control de longitud fija | ta |
| 008 - DATOS DE LONGITUD FIJA--INFORMACIÓN GENERAL | |
| campo de control de longitud fija | 250922b2024 gt ||||| m||| 00| 0 eng d |
| 040 ## - FUENTE DE CATALOGACIÓN | |
| Centro catalogador/agencia de origen | gtcocun |
| Lengua de catalogación | SPA |
| Centro/agencia transcriptor | gtcocun |
| Normas de descripción | RDA |
| 041 ## - CÓDIGO DE IDIOMA | |
| Código de lengua del texto/banda sonora o título independiente | SPA TIC 0043 |
| 084 ## - OTRO NÚMERO DE CLASIFICACIÓN | |
| Número de control del registro de autoridad o número normalizado | TIC 0043 |
| 100 ## - ENTRADA PRINCIPAL--NOMBRE DE PERSONA | |
| Nombre de persona | Chávez Mus, María Eugenia |
| Término indicativo de función/relación | Autor |
| 245 ## - MENCIÓN DEL TÍTULO | |
| Título | MINIMIZACIÓN DE ERRORES EN LAS MEDICIONES PLANIMÉTRICAS MEDIANTE LA SELECCIÓN DE MÉTODOS APROPIADOS, CONSIDERANDO LA INFLUENCIA DE LAS VARIABLES AMBIENTALES./ |
| Mención de responsabilidad, etc. | María Eugenia Chávez Mus. |
| Medio | Impreso |
| 264 ## - PRODUCCIÓN, PUBLICACIÓN, DISTRIBUCIÓN, FABRICACIÓN Y COPYRIGHT | |
| Producción, publicación, distribución, fabricación y copyright | Cobán, Alta Verapaz: |
| Nombre del de productor, editor, distribuidor, fabricante | Universidad de San Carlos de Guatemala, Centro Universitario del Norte, Ingeniería Civil |
| Fecha de producción, publicación, distribución, fabricación o copyright | 2024 |
| 300 ## - DESCRIPCIÓN FÍSICA | |
| Extensión | 57 p.: |
| Otras características físicas | Ilustraciones, gráficas. |
| Dimensiones | 28 cm; |
| 300 ## - DESCRIPCIÓN FÍSICA | |
| Dimensiones | |
| 336 ## - TIPO DE CONTENIDO | |
| Fuente | rdacontenido |
| Término de tipo de contenido | Texto |
| Código de tipo de contenido | txt |
| 337 ## - TIPO DE MEDIO | |
| Fuente | rdamedio |
| Nombre/término del tipo de medio | Computadora |
| Código del tipo de medio | n |
| 338 ## - TIPO DE SOPORTE | |
| Fuente | rdasoporte |
| Nombre/término del tipo de soporte | Código en línea |
| Código del tipo de soporte | cr |
| 502 ## - NOTA DE TESIS | |
| identificador de la tesis | TIC 0043 |
| 502 ## - NOTA DE TESIS | |
| Nota de tesis | Tesis de grado |
| Tipo de título | Ingeniería Civil, |
| Nombre de la institución que otorga el título | Universidad de San Carlos de Guatemala, Centro Universitario del Norte, Ingeniería Civil |
| Año de obtención del título | 2024 |
| Identificador de la tesis | TIC 0043 |
| 520 14 - RESUMEN, ETC. | |
| Sumario, etc. | Esta tesis se basó principalmente en la investigación de los errores que pueden surgir al momento de realizar mediciones topográficas. Estos errores pueden ser de distintos tipos, pero siempre relacionados a los 3 más comunes los cuales son: errores de instrumentación, error humano y error por condiciones climáticas. Al basar la investigación en esto se consideró al Registro de Información Catastral de Guatemala ya que es el encargado de las<br/>mediciones de esta naturaleza en el país y el cual aún tiene mucho trabajo por realizar y el aporte de esta tesis puede ser de mucha utilidad no solo para la institución sino a todo profesional de la agrimensura.<br/>Luego de recabar la información de estos 3 agentes actuadores analizamos los datos<br/>recabados como, instrumentos de medición, departamentos catastrados y los climas de las diferentes regiones de Guatemala según el Instituto Nacional de Sismología, Vulcanología,<br/>Meteorología e Hidrología (INSIVUMEH) lo cual arrojo tablas de contenidos que ayudan a realizar un sistema de elección eficaz para la utilización de los instrumentos propios del Registro con el fin de minimizar los errores obtenidos en las mediciones en cada región del<br/>país y en los diferentes meses del año. Lo cual hace que esta investigación ayude no solo a la reducción de errores si no que a la vez proporciona sugerencias eficaces que ahorran recursos y tiempo al Registro de Información Catastral y a los profesionales del área. |
| 650 ## - PUNTO DE ACCESO ADICIONAL DE MATERIA--TÉRMINO DE MATERIA | |
| Fuente del encabezamiento o término | LEMB |
| Término de materia o nombre geográfico como elemento de entrada | Guatemala. |
| Subdivisión general | Ingeniería |
| -- | Errores |
| -- | Instrumentación |
| -- | Catastro |
| -- | Agrimensura |
| -- | Precisión |
| 700 ## - ENTRADA AGREGADA--NOMBRE PERSONAL | |
| Nombre de persona | Ing. Jorge Haroldo Dubón Xitumul |
| Término indicativo de función/relación | Asesor |
| 856 ## - LOCALIZACIÓN Y ACCESO ELECTRÓNICOS | |
| Identificador Uniforme de Recurso | <a href="https://drive.google.com/file/d/1H8kjKfjlKuWLOi5z4qGaitAgl2ZoYCjm/view">https://drive.google.com/file/d/1H8kjKfjlKuWLOi5z4qGaitAgl2ZoYCjm/view</a> |
| Texto de enlace | |
| Nota pública | Un ejemplar en línea. |
| 942 ## - ELEMENTOS DE ENTRADA SECUNDARIOS (KOHA) | |
| Fuente de la clasificación o esquema de estantería | Clasificación Decimal Dewey |
| Tipo de ítem Koha | TESIS |
| Parte de la signatura que identifica el ejemplar (Parte del ítem) | TIC 0043 |
| Prefijo de la signatura | Clasificación |
| Suprimir en OPAC | No |
| -- | TIC_0043_000000000000000 |
| Estatus retirado | Estado de pérdida | Fuente de la clasificación o esquema de estantería | Estado de daño | No para préstamo | Colección | Biblioteca de origen | Biblioteca actual | Ubicación en estantería | Fecha de adquisición | Número de inventario | Total de préstamos | Signatura topográfica completa | Código de barras | Visto por última vez | Precio de reemplazo | Tipo de ítem Koha |
|---|---|---|---|---|---|---|---|---|---|---|---|---|---|---|---|---|
| Clasificación Decimal Dewey | tesis | BIBLIOTECA- CUNOR -JOSÉ LUIS GONZALES ROSALES | BIBLIOTECA- CUNOR -JOSÉ LUIS GONZALES ROSALES | Colección tesis | 16/09/2025 | TIC 0043 | TIC 0043 | TIC 0043 | 16/09/2025 | 16/09/2025 | TESIS |